| 000 -LEADER |
| fixed length control field |
01188cam a2200289 a 4500 |
| 001 - CONTROL NUMBER |
| control field |
(Sirsi) a948341 |
| 003 - CONTROL NUMBER IDENTIFIER |
| control field |
OSt |
| 005 - DATE AND TIME OF LATEST TRANSACTION |
| control field |
20191206110256.0 |
| 008 - FIXED-LENGTH DATA ELEMENTS--GENERAL INFORMATION |
| fixed length control field |
111005r20122010enka c 000 1 eng |
| 015 ## - NATIONAL BIBLIOGRAPHY NUMBER |
| National bibliography number |
GBB1B8016 |
| Source |
bnb |
| 020 ## - INTERNATIONAL STANDARD BOOK NUMBER |
| International Standard Book Number |
9780141340821 |
| Qualifying information |
(pbk.) : |
| 020 ## - INTERNATIONAL STANDARD BOOK NUMBER |
| International Standard Book Number |
0141340827 |
| Qualifying information |
(pbk.) : |
| 040 ## - CATALOGING SOURCE |
| Original cataloging agency |
StDuBDS |
| Language of cataloging |
eng |
| Transcribing agency |
StDuBDS |
| Modifying agency |
TAE |
| 042 ## - AUTHENTICATION CODE |
| Authentication code |
nbic |
| 082 ## - DEWEY DECIMAL CLASSIFICATION NUMBER |
| Classification number |
FIC KIN |
| 100 1# - MAIN ENTRY--PERSONAL NAME |
| Personal name |
Kinney, Jeff. |
| Relator term |
author |
| 245 14 - TITLE STATEMENT |
| Title |
The ugly truth / |
| Statement of responsibility, etc. |
by Jeff Kinney. |
| 260 ## - PUBLICATION, DISTRIBUTION, ETC. |
| Place of publication, distribution, etc. |
London : |
| Name of publisher, distributor, etc. |
Puffin, |
| Date of publication, distribution, etc. |
2012. |
| 300 ## - PHYSICAL DESCRIPTION |
| Extent |
217 p. : |
| Other physical details |
ill. ; |
| Dimensions |
20 cm. |
| 490 0# - SERIES STATEMENT |
| Series statement |
Diary of a wimpy kid. ; |
| Volume/sequential designation |
bk 5 |
| 500 ## - GENERAL NOTE |
| General note |
Originally published: 2010. |
| 520 ## - SUMMARY, ETC. |
| Summary, etc. |
Greg Heffley has always been in a hurry to grow up. But is getting older really all it's cracked up to be? Suddenly Greg is dealing with the pressures of boy-girl parties, increased responsibilities, and even the awkward changes that come with getting older. And after a big fight with his best friend Rowley, it looks like Greg is going to have to face the "ugly truth" all by himself. |
| 521 1# - TARGET AUDIENCE NOTE |
| Target audience note |
9-12. |
| 650 #0 - SUBJECT ADDED ENTRY--TOPICAL TERM |
| Topical term or geographic name entry element |
Friendship |
| Form subdivision |
Juvenile fiction. |
| 650 #0 - SUBJECT ADDED ENTRY--TOPICAL TERM |
| Topical term or geographic name entry element |
Maturation (Psychology) |
| Form subdivision |
Juvenile fiction. |
| 942 ## - ADDED ENTRY ELEMENTS (KOHA) |
| Source of classification or shelving scheme |
|
| Koha item type |
Books - Fiction |